000 00577nam a2200169Ia 4500
008 090201s9999 xx 000 0 und d
010 _aKPL-42130
040 _bमराठी
041 _aमराठी
082 _a10031
_b42130
100 _a रजनीश
245 _aगीता दर्शन -अध्याय 2 रा
_c रजनीश
260 _c2004
_bजीवन जागृती केंद्र प्रकाश
300 _a229
_bमोठा
600 _aगीता दर्शन -अध्याय 2 रा
942 _cBOOK
999 _c210505
_d210505